| 000 | 00491nam a2200169Ia 4500 | ||
|---|---|---|---|
| 005 | 20240913125748.0 | ||
| 008 | 240913s9999||||xx |||||||||||||| ||und|| | ||
| 041 | _aENGLISH | ||
| 082 | _A629.1 Q5 | ||
| 100 | _aISRO Propulsion Complex | ||
| 245 | 0 | _aRecent Trends in Aerospace systems Integration and Testing | |
| 250 | _a1st | ||
| 260 |
_c2015 _bISRO Propulsion Co |
||
| 500 | _aREFERENCE | ||
| 650 |
_aRecent Trends in Communication Techniques _bAerospace Engineering |
||
| 942 | _cREF | ||
| 999 |
_c246213 _d246213 |
||